000 00586cam a2200205 4500500
005 20260329005803.0
041 _afre
042 _adc
100 1 0 _aDegiovanni, Clara
_eauthor
245 0 0 _aLes classiques à découvert
260 _c2025.
500 _a16
690 _aArgent
690 _aDépense
690 _aDon
690 _aGénérosité
690 _aPossession
786 0 _nPhilosophie magazine | 186 | 1-2 | 2025-02-01 | p. 34-35 | 1951-1787
856 4 1 _uhttps://shs.cairn.info/magazine-philosophie-magazine-2025-2-page-34?lang=fr&redirect-ssocas=7080
999 _c1846608
_d1846608